[Event "Championnat de France - Open C"]
[Site "PAU"]
[Date "2012.08.23"]
[Round "9.1"]
[White "Rioland, Paul"]
[Black "Dautheville, Simon"]
[Result "1-0"]
[WhiteElo "1749"]
[BlackElo "1782"]
[PlyCount "73"]

1. e4 c5 2. Nf3 d6 3. d4 cxd4 4. Qxd4 a6 5. c4 Nc6 6. Qd2 Nf6 7. Nc3 g6 8. b3
Bg7 9. Bb2 Qa5 10. Rb1 O-O 11. Be2 Bd7 12. O-O Qc7 13. Rfc1 e6 14. Rd1 Ne8 15.
c5 Rd8 16. cxd6 Qb8 17. Na4 e5 18. Nb6 Bg4 19. Ba3 Nf6 20. Qe3 Nxe4 21. Qxe4
Bf5 22. Qc4 Bxb1 23. Rxb1 Bf6 24. Nd5 Kg7 25. Re1 Rfe8 26. Nxf6 Kxf6 27. Qh4+
Kg7 28. Ng5 h6 29. Ne4 Re6 30. Bc4 g5 31. Qh3 Rg6 32. Qf3 Rd7 33. Ng3 Qd8 34.
Bd3 Nd4 35. Qd5 Rgxd6 36. Bxd6 Rxd6 37. Qxe5+ 1-0

[Event "Championnat de France - Open C"]
[Site "PAU"]
[Date "2012.08.23"]
[Round "9.2"]
[White "Boursier, Marianne"]
[Black "Thomas, Apolline"]
[Result "0-1"]
[WhiteElo "1724"]
[BlackElo "1699"]
[PlyCount "46"]

1. e4 e5 2. Nf3 Nc6 3. Nc3 Nf6 4. a3 Be7 5. d4 exd4 6. Nxd4 Nxd4 7. Qxd4 d6 8.
Bc4 O-O 9. O-O Ng4 10. Nd5 Ne5 11. Nxe7+ Qxe7 12. Be2 f5 13. exf5 Rxf5 14. b4
Be6 15. Bb2 Qf7 16. Rae1 Rf4 17. Qc3 Rf8 18. f3 Qg6 19. Kh1 Rh4 20. Qe3 Rf5 21.
Bd3 Qg3 22. Kg1 Qxh2+ 23. Kf2 Ng4+ 0-1

[Event "Championnat de France - Open C"]
[Site "PAU"]
[Date "2012.08.23"]
[Round "9.3"]
[White "Vernay, Gaspard"]
[Black "Goulesque, Camille"]
[Result "1-0"]
[WhiteElo "1628"]
[BlackElo "1703"]
[PlyCount "61"]

1. d4 Nf6 2. c4 g6 3. Nc3 Bg7 4. e4 d6 5. Nf3 O-O 6. Be2 e5 7. O-O Nc6 8. d5
Ne7 9. Ne1 Nd7 10. Be3 f5 11. f3 f4 12. Bf2 Nf6 13. Nd3 b6 14. b4 a5 15. a3 g5
16. Rc1 h5 17. c5 g4 18. cxb6 cxb6 19. Nb5 Kh8 20. Nb2 axb4 21. axb4 Rg8 22.
Nc4 g3 23. hxg3 fxg3 24. Be3 h4 25. Nbxd6 Qf8 26. Nxe5 Kh7 27. Ndf7 Bh8 28.
Ng5+ Kg7 29. d6 Ng6 30. d7 Nxe5 31. Ne6+ 1-0

[Event "Championnat de France - Open C"]
[Site "PAU"]
[Date "2012.08.23"]
[Round "9.4"]
[White "Dietrich, Thomas"]
[Black "Le Bail, Stephane"]
[Result "0-1"]
[WhiteElo "1729"]
[BlackElo "1785"]
[PlyCount "94"]

1. d3 d5 2. e4 dxe4 3. dxe4 Qxd1+ 4. Kxd1 Nc6 5. Be3 Nf6 6. f3 e5 7. Bc4 Be7 8.
Nd2 O-O 9. c3 a6 10. b4 b5 11. Bb3 Rd8 12. Ke2 a5 13. bxa5 Nxa5 14. Rc1 Nxb3
15. axb3 Ra2 16. Nh3 Bxh3 17. gxh3 Rda8 18. Rhg1 Nd7 19. c4 b4 20. c5 c6 21.
Rc4 Rb8 22. Rgc1 Rb5 23. f4 f6 24. f5 Nb8 25. h4 Na6 26. h5 h6 27. Kd1 Rba5 28.
Nf3 Rb2 29. Nd2 Raa2 30. R1c2 Rxc2 31. Rxc2 Rxc2 32. Kxc2 Bxc5 33. Bxc5 Nxc5
34. Kd1 Kf7 35. Ke2 Ke7 36. Ke3 Kd7 37. Ke2 Kc7 38. Ke3 Kb7 39. Ke2 Ka6 40. Ke3
Kb5 41. Ke2 Nb7 42. Kd3 Na5 43. Kc2 c5 44. Kd3 Nxb3 45. Nxb3 c4+ 46. Kc2 cxb3+
47. Kxb3 Kc5 0-1

[Event "Championnat de France - Open C"]
[Site "PAU"]
[Date "2012.08.23"]
[Round "9.5"]
[White "Baroudel, Jacques"]
[Black "Verhulst, Jens"]
[Result "0-1"]
[WhiteElo "1779"]
[BlackElo "1659"]
[PlyCount "114"]

1. e4 d6 2. Nc3 Nf6 3. Bc4 g6 4. Nge2 Bg7 5. d3 O-O 6. O-O c5 7. Bd2 Nc6 8. a3
e6 9. Qc1 d5 10. exd5 exd5 11. Ba2 Re8 12. Ng3 Be6 13. f4 Ng4 14. Nce2 Bd4+ 15.
Nxd4 Nxd4 16. h3 Qh4 17. Be1 Qxg3 18. Bxg3 Ne2+ 19. Kh1 Nxg3+ 20. Kg1 Ne2+ 21.
Kh1 Nxc1 22. Raxc1 Ne3 23. Rf2 d4 24. Bxe6 Rxe6 25. g4 f5 26. gxf5 Nxf5 27. c3
b6 28. cxd4 Nxd4 29. Rg1 Rae8 30. f5 Re1 31. fxg6 Rxg1+ 32. Kxg1 Re1+ 33. Kg2
Re2 34. gxh7+ Kxh7 35. Rxe2 Nxe2 36. Kf3 Nc1 37. Ke4 Nb3 38. Kd5 Nc1 39. d4
cxd4 40. Kxd4 Kg6 41. Kd5 Nd3 42. b4 Nb2 43. Kc6 Na4 44. Kb7 b5 45. Kxa7 Kh5
46. Ka6 Nc3 47. Kb6 Kh4 48. Kc5 Kxh3 49. Kd4 Na4 50. Kd5 Kg3 51. Kc6 Nc3 52.
Kc5 Kf4 53. Kd4 Na4 54. Kd3 Ke5 55. Kc2 Kd4 56. Kb3 Kd3 57. Ka2 Kc3 0-1

[Event "Championnat de France - Open C"]
[Site "PAU"]
[Date "2012.08.23"]
[Round "9.6"]
[White "Billiar-Bourgy, Vincent"]
[Black "Leblanc, Hubert"]
[Result "1/2-1/2"]
[WhiteElo "1680"]
[BlackElo "1729"]
[PlyCount "109"]

1. e4 Nf6 2. e5 Nd5 3. d4 d6 4. Nf3 Bg4 5. Bc4 e6 6. O-O Be7 7. Nbd2 O-O 8. Re1
Nd7 9. Nf1 N5b6 10. Bb3 c5 11. c3 cxd4 12. cxd4 dxe5 13. dxe5 Qc7 14. Bf4 Rfd8
15. Qe2 Rac8 16. Ng3 Bb4 17. Rec1 Qb8 18. Bc2 g6 19. a3 Be7 20. Bb3 Nc5 21. Bc2
Nd5 22. Bd2 Nd7 23. Be4 Rxc1+ 24. Rxc1 Nxe5 25. Bxd5 Rxd5 26. Bc3 Nc6 27. Qe4
Bxf3 28. Qxf3 Bd6 29. Ne4 Be5 30. Nf6+ Bxf6 31. Qxf6 e5 32. f4 Rd6 33. Bxe5
Rxf6 34. Bxb8 Kf8 35. Bc7 Re6 36. Rc2 Ke8 37. Rd2 f5 38. Kf2 Re7 39. Bd6 Rd7
40. Ke2 Kf7 41. Bc5 Rxd2+ 42. Kxd2 Ke6 43. Kd3 Kd5 44. Bf2 a6 45. h3 h5 46. Be1
Nd8 47. b3 Nc6 48. Bc3 Nd8 49. Ke3 Ne6 50. Be5 Nd8 51. Bc3 Ne6 52. Be5 Nd8 53.
Bc3 Ne6 54. Be5 Nd8 55. Bc3 1/2-1/2

[Event "Championnat de France - Open C"]
[Site "PAU"]
[Date "2012.08.23"]
[Round "9.7"]
[White "Benezra, Amos"]
[Black "Danielian, Kevin"]
[Result "0-1"]
[WhiteElo "1611"]
[BlackElo "1711"]
[PlyCount "68"]

1. c4 Nf6 2. Nc3 g6 3. g3 Bg7 4. Bg2 O-O 5. d4 d6 6. Nf3 Nbd7 7. O-O e5 8. e4
exd4 9. Nxd4 Ne5 10. b3 a5 11. h3 Ra6 12. Be3 Bd7 13. Rc1 Qc8 14. Kh2 Re8 15.
Qc2 Bc6 16. f4 Nfg4+ 17. hxg4 Nxg4+ 18. Kg1 Nxe3 19. Qf2 Nxf1 20. Rxf1 Qd7 21.
Qd2 Raa8 22. f5 Bxd4+ 23. Qxd4 Qe7 24. Rf4 Qe5 25. Qd2 g5 26. Rg4 f6 27. Nd5
Bxd5 28. exd5 Qe1+ 29. Qxe1 Rxe1+ 30. Kh2 Re7 31. c5 dxc5 32. d6 cxd6 33. Bxb7
Re2+ 34. Kh3 h5 0-1

[Event "Championnat de France - Open C"]
[Site "PAU"]
[Date "2012.08.23"]
[Round "9.8"]
[White "Delerme, Raymond"]
[Black "Tardi, Oscar"]
[Result "0-1"]
[WhiteElo "1740"]
[BlackElo "1780"]
[PlyCount "60"]

1. d4 d6 2. c4 Nf6 3. Nc3 g6 4. e4 Bg7 5. Be2 O-O 6. Bf3 Nbd7 7. Nge2 e5 8. d5
a5 9. a4 Nc5 10. Ng3 Bd7 11. Be3 b6 12. h4 h5 13. Bg5 Bg4 14. Bxg4 hxg4 15. h5
Qd7 16. h6 Bh8 17. h7+ Nxh7 18. Bh6 f5 19. Bxf8 Rxf8 20. Rh6 Qg7 21. Rh4 Qf6
22. Rh6 Qg5 23. Rxh7 Kxh7 24. Ke2 f4 25. Nf1 f3+ 26. gxf3 Rxf3 27. Ne3 Qf4 28.
Qg1 Nxe4 29. Nxe4 Qxe4 30. Qxg4 Rxe3+ 0-1

[Event "Championnat de France - Open C"]
[Site "PAU"]
[Date "2012.08.23"]
[Round "9.9"]
[White "Finkel, Julie"]
[Black "Banana, Adnane"]
[Result "0-1"]
[WhiteElo "1703"]
[BlackElo "1798"]
[PlyCount "40"]

1. e4 c5 2. b3 Nc6 3. Bb2 d6 4. Nf3 Nf6 5. Nc3 e6 6. d4 cxd4 7. Nxd4 Bd7 8. Bd3
Nxd4 9. O-O Be7 10. Re1 O-O 11. e5 dxe5 12. Rxe5 Bc6 13. Rg5 h6 14. Rg3 Nf5 15.
Rh3 Nh7 16. Qe2 Ng5 17. Rh5 Nd4 18. Qg4 f5 19. Qd1 Qe8 20. f4 Ndf3+ 0-1

[Event "Championnat de France - Open C"]
[Site "PAU"]
[Date "2012.08.23"]
[Round "9.10"]
[White "Citterio, Jean-Claude"]
[Black "Hoerdt, Audran"]
[Result "1/2-1/2"]
[WhiteElo "1770"]
[BlackElo "1713"]
[PlyCount "124"]

1. e4 e6 2. d4 d5 3. Nc3 Nf6 4. Bg5 Be7 5. e5 Nfd7 6. Bxe7 Qxe7 7. f4 O-O 8.
Nf3 c5 9. Qd2 cxd4 10. Nb5 Nc6 11. Nbxd4 f6 12. exf6 Nxf6 13. O-O-O Bd7 14. g3
Rac8 15. Bh3 Ne4 16. Qe2 b5 17. Rhe1 Na5 18. Nd2 Nc3 19. bxc3 Qa3+ 20. Kb1 Nc4
21. Nxc4 bxc4 22. Bxe6+ Bxe6 23. Qxe6+ Kh8 24. Nb5 Rb8 25. Rxd5 a6 26. Qe7 Qa5
27. Qb4 Qb6 28. Qxc4 axb5 29. Qd4 Qa5 30. Re7 Rg8 31. Rdd7 b4 32. c4 Ra8 33.
Ra7 Rxa7 34. Rxa7 Qh5 35. Qd5 Qe8 36. Qe5 Qc6 37. Qd5 Qe8 38. Qe5 Qc6 39. Re7
Qxc4 40. Re8 h6 41. Rxg8+ Kxg8 42. f5 Kh7 43. Qe6 Qc3 44. Qe4 Kh8 45. g4 Qd2
46. h4 Qd1+ 47. Kb2 Qd2 48. Qe5 Qd8 49. g5 hxg5 50. hxg5 Qxg5 51. Qe8+ Kh7 52.
Qg6+ Qxg6 53. fxg6+ Kxg6 54. c4 bxc3+ 55. Kxc3 Kf5 56. a4 Ke6 57. a5 Kd5 58.
Kd3 Kc5 59. Kc3 Kd5 60. Kd3 Kc5 61. Kc3 Kd5 62. Kd3 Kc5 1/2-1/2

[Event "Championnat de France - Open C"]
[Site "PAU"]
[Date "2012.08.24"]
[Round "10.1"]
[White "Thomas, Apolline"]
[Black "Rioland, Paul"]
[Result "0-1"]
[WhiteElo "1699"]
[BlackElo "1749"]
[PlyCount "114"]

1. e4 c5 2. Nf3 e6 3. d4 cxd4 4. Nxd4 a6 5. Nc3 Qc7 6. Be2 Nf6 7. a3 d6 8. Be3
Nbd7 9. f4 Be7 10. g4 Nc5 11. Bf3 e5 12. Nf5 Bxf5 13. exf5 O-O 14. g5 Ne8 15.
Nd5 Qd8 16. b4 Nd7 17. h4 Nc7 18. Nc3 Re8 19. Kf2 Rb8 20. Qg1 exf4 21. Bxf4 Ne5
22. Be2 Nb5 23. Bxb5 axb5 24. Nd5 Qc8 25. Qd1 Qxf5 26. Kg3 Rbc8 27. Ne3 Qe4 28.
Qd5 Qxd5 29. Nxd5 Rxc2 30. Rac1 Rxc1 31. Rxc1 Bd8 32. Rc8 Kf8 33. Rb8 b6 34.
Nxb6 Bxb6 35. Rxb6 Ra8 36. Rxb5 Rxa3+ 37. Kg2 Ra2+ 38. Kf1 Rb2 39. Rb7 Nc4 40.
Rd7 Rxb4 41. Rxd6 Rb1+ 42. Ke2 Nxd6 43. Bxd6+ Kg8 44. Kf3 f6 45. gxf6 gxf6 46.
Kg4 Kg7 47. Bc7 Kg6 48. h5+ Kf7 49. Bf4 Rb5 50. Be3 Ke6 51. Bf4 Rb4 52. h6 f5+
53. Kg5 Rxf4 54. Kxf4 Kf6 55. Kf3 Kg5 56. Kg3 Kxh6 57. Kf4 Kg6 0-1

[Event "Championnat de France - Open C"]
[Site "PAU"]
[Date "2012.08.24"]
[Round "10.2"]
[White "Dautheville, Simon"]
[Black "Vernay, Gaspard"]
[Result "1-0"]
[WhiteElo "1782"]
[BlackElo "1628"]
[PlyCount "59"]

1. d4 d5 2. c4 c6 3. Nc3 Nf6 4. Nf3 dxc4 5. a4 Bf5 6. Ne5 Na6 7. f3 Nd7 8. Nxc4
e5 9. e4 exd4 10. Qxd4 Nb4 11. Qd1 Be6 12. Bf4 Nb6 13. Nd6+ Bxd6 14. Bxd6 Nc2+
15. Qxc2 Qxd6 16. Rd1 Qc5 17. Qf2 Qb4 18. Rd4 Qa5 19. b4 Qg5 20. f4 Qe7 21. a5
Nc8 22. Bd3 O-O 23. f5 Bd7 24. O-O f6 25. Rd1 Be8 26. Bc4+ Bf7 27. Rd7 Qxb4 28.
Bxf7+ Rxf7 29. Qa2 Nd6 30. R1xd6 1-0

[Event "Championnat de France - Open C"]
[Site "PAU"]
[Date "2012.08.24"]
[Round "10.3"]
[White "Danielian, Kevin"]
[Black "Verhulst, Jens"]
[Result "1/2-1/2"]
[WhiteElo "1711"]
[BlackElo "1659"]
[PlyCount "144"]

1. d4 Nf6 2. c4 g6 3. Nc3 Bg7 4. e4 d6 5. Nf3 O-O 6. Be2 Nbd7 7. O-O b6 8. Qc2
Re8 9. e5 dxe5 10. dxe5 Nh5 11. Qe4 Rb8 12. Rd1 Bb7 13. Qe3 f5 14. c5 f4 15.
Qd3 Bxf3 16. Qc4+ e6 17. Bxf3 Nxe5 18. Qe2 Nxf3+ 19. Qxf3 Qe7 20. cxb6 cxb6 21.
Bxf4 Nxf4 22. Qxf4 Rf8 23. Qe3 Rbc8 24. Rac1 Qf7 25. Rd2 Rc5 26. Re2 Re5 27.
Qd2 Rxe2 28. Qxe2 Qf5 29. Nd1 Qd5 30. b3 Rd8 31. Ne3 Qe4 32. Qc4 Qxc4 33. Rxc4
Rd2 34. Rc2 Rxc2 35. Nxc2 Kf7 36. Kf1 Ke7 37. Ke2 Kd6 38. Kd3 Kc5 39. Ke4 a5
40. f4 b5 41. g4 h6 42. h3 Bf6 43. f5 exf5+ 44. gxf5 g5 45. Ne3 Bh8 46. Nd5 h5
47. f6 g4 48. hxg4 hxg4 49. f7 Bg7 50. Ne3 Kb4 51. Kd3 Ka3 52. Nxg4 Kxa2 53.
Kc2 a4 54. b4 Ka3 55. Nf6 Kxb4 56. Nd7 Ka3 57. f8=Q+ Bxf8 58. Nxf8 Ka2 59. Kc3
Ka3 60. Kc2 b4 61. Kb1 Kb3 62. Ne6 a3 63. Nc5+ Kc4 64. Na4 b3 65. Nb2+ Kb4 66.
Nd1 Kc4 67. Nb2+ Kd4 68. Nd1 Kd3 69. Nb2+ Kd2 70. Nc4+ Kc3 71. Nxa3 b2 72. Nb5+
Kb4 1/2-1/2

[Event "Championnat de France - Open C"]
[Site "PAU"]
[Date "2012.08.24"]
[Round "10.4"]
[White "Le Bail, Stephane"]
[Black "Banana, Adnane"]
[Result "0-1"]
[WhiteElo "1785"]
[BlackElo "1798"]
[PlyCount "60"]

1. d4 Nf6 2. Nf3 c5 3. Bf4 cxd4 4. Bxb8 Rxb8 5. Qxd4 Qa5+ 6. Qc3 Qxc3+ 7. Nxc3
a6 8. e3 g6 9. Bc4 Bg7 10. O-O O-O 11. Rab1 b5 12. Bd3 d6 13. h3 Bb7 14. Nd2
Rbc8 15. Ne2 Nd7 16. c3 Ne5 17. Be4 d5 18. Bf3 Nxf3+ 19. Nxf3 e5 20. Nh2 Rfd8
21. Rfd1 Rc4 22. Rd3 d4 23. Ng3 e4 24. Rd2 d3 25. Ne2 Rdc8 26. Nd4 b4 27. cxb4
Rc1+ 28. Rd1 Rxb1 29. Rxb1 Bxd4 30. exd4 d2 0-1

[Event "Championnat de France - Open C"]
[Site "PAU"]
[Date "2012.08.24"]
[Round "10.5"]
[White "Tardi, Oscar"]
[Black "Boursier, Marianne"]
[Result "1-0"]
[WhiteElo "1780"]
[BlackElo "1724"]
[PlyCount "143"]

1. e4 c5 2. Nf3 Nc6 3. d4 cxd4 4. Nxd4 g6 5. Nc3 Bg7 6. Nf3 d6 7. Bc4 Nf6 8.
O-O O-O 9. Bb3 Na5 10. Re1 Nxb3 11. axb3 Nd7 12. h3 Ne5 13. Nd4 Nc6 14. Nf3 Bd7
15. Nh2 Qc7 16. Kh1 Rfc8 17. Nd5 Qd8 18. f4 Be6 19. c3 b5 20. Nf3 b4 21. c4
Bxd5 22. exd5 Nb8 23. Qe2 Bf6 24. g4 Rc7 25. Be3 Nd7 26. Bd4 Nc5 27. Qc2 Qd7
28. Re2 h5 29. f5 hxg4 30. hxg4 Kg7 31. Bxc5 dxc5 32. g5 Bd4 33. Nxd4 cxd4 34.
Qe4 Rh8+ 35. Kg1 Qxf5 36. Qxf5 gxf5 37. Rae1 Kf8 38. Rh2 Rg8 39. Rg2 Ke8 40.
Re5 Rh8 41. Rh2 Rg8 42. Rxf5 f6 43. Rg2 fxg5 44. Rfxg5 Rf8 45. Rf2 Rh8 46. Rgf5
Rh3 47. R5f3 Rh4 48. Rf4 Rh5 49. R2f3 Re5 50. Kf2 Rh5 51. Ke2 Rh2+ 52. Rf2 Rh3
53. R4f3 Rh1 54. Kd3 Kd7 55. Kxd4 Rd1+ 56. Rd3 Rc1 57. Rfd2 Kd6 58. Rd1 Rxd1
59. Rxd1 Rc8 60. Re1 Rc7 61. Re6+ Kd7 62. c5 Kd8 63. Kc4 Rb7 64. Ra6 Ke8 65. c6
Rb6 66. Rxa7 e6 67. Rb7 exd5+ 68. Kxd5 Ra6 69. Rxb4 Kd8 70. Kd6 Kc8 71. Ra4 Rb6
72. Ra8+ 1-0

[Event "Championnat de France - Open C"]
[Site "PAU"]
[Date "2012.08.24"]
[Round "10.6"]
[White "Apap, Hugo"]
[Black "Bagghi, Youri"]
[Result "1-0"]
[WhiteElo "1769"]
[BlackElo "1720"]
[PlyCount "119"]

1. d4 Nf6 2. c4 c5 3. d5 b5 4. cxb5 a6 5. bxa6 Bxa6 6. Nc3 g6 7. e4 Bxf1 8.
Kxf1 d6 9. g3 Bg7 10. Rb1 O-O 11. Kg2 Nbd7 12. Nge2 Qc7 13. Qc2 Rfb8 14. f3 Rb7
15. Be3 Ne5 16. b3 Rab8 17. a4 Nfd7 18. Nb5 Qd8 19. h3 Nb6 20. f4 Ned7 21. Nec3
Na8 22. Na3 Nc7 23. Nc4 Na6 24. Nb5 Nb4 25. Qe2 Ra8 26. Bd2 Na2 27. Qe1 Rc8 28.
Na5 Rxb5 29. Nc6 Qe8 30. axb5 Nb4 31. Bxb4 cxb4 32. Qxb4 Nc5 33. Rhd1 Qd7 34.
b6 Ra8 35. Rd2 e6 36. Rbd1 exd5 37. exd5 h5 38. Re2 Bf6 39. Qb5 Kf8 40. Rde1 h4
41. g4 Kg7 42. g5 Bc3 43. Rc1 Ba1 44. Rxc5 dxc5 45. b7 Qxd5+ 46. Kh2 Qf3 47.
bxa8=Q Qxf4+ 48. Kg1 Qc1+ 49. Re1 Qxg5+ 50. Kf1 Qf4+ 51. Ke2 Qe4+ 52. Kd1 Qb1+
53. Kd2 Qb2+ 54. Ke3 Qc3+ 55. Kf2 Qg3+ 56. Ke2 Qg2+ 57. Kd1 Qd5+ 58. Kc2 Qf5+
59. Qd3 Qf2+ 60. Re2 1-0

[Event "Championnat de France - Open C"]
[Site "PAU"]
[Date "2012.08.24"]
[Round "10.7"]
[White "Gobbetto, Jean-Claude"]
[Black "Billiar-Bourgy, Vincent"]
[Result "1/2-1/2"]
[WhiteElo "1737"]
[BlackElo "1680"]
[PlyCount "119"]

1. d4 Nf6 2. Nf3 g6 3. b3 Bg7 4. Bb2 O-O 5. e3 d6 6. Nbd2 Nbd7 7. Be2 c5 8. O-O
b6 9. c4 Bb7 10. Bd3 e6 11. Qc2 Rc8 12. Rac1 d5 13. Qb1 Re8 14. Rfe1 cxd4 15.
exd4 Qe7 16. Re2 Bh6 17. Rc2 Rc7 18. Ne5 Nxe5 19. dxe5 Nh5 20. g3 Rd8 21. cxd5
Bxd5 22. Rxc7 Qxc7 23. Nc4 Ng7 24. Nd6 Ne8 25. Nxe8 Rxe8 26. Be4 Bxe4 27. Qxe4
Rc8 28. f4 Bf8 29. Bd4 Qc6 30. Qxc6 Rxc6 31. Kf2 Bb4 32. Ke3 Kf8 33. Kd3 Ke8
34. Rc2 Kd7 35. Rxc6 Kxc6 36. Kc4 Be1 37. Be3 h5 38. Bg1 a6 39. a4 b5+ 40.
axb5+ axb5+ 41. Kd3 Kd5 42. Be3 Bb4 43. Bf2 Be7 44. Be3 g5 45. h3 gxf4 46. gxf4
Bh4 47. Bg1 Be1 48. Be3 Ba5 49. Bf2 Bc7 50. Be3 Bd8 51. Bf2 Be7 52. Bd4 h4 53.
Be3 f6 54. exf6 Bxf6 55. Bf2 Bb2 56. Bb6 Bc1 57. Bc7 Bb2 58. Bb6 Bc1 59. Bc7
Bb2 60. Bb6 1/2-1/2

[Event "Championnat de France - Open C"]
[Site "PAU"]
[Date "2012.08.24"]
[Round "10.8"]
[White "Leblanc, Hubert"]
[Black "Laigneau, Arthur"]
[Result "1/2-1/2"]
[WhiteElo "1729"]
[BlackElo "1737"]
[PlyCount "110"]

1. d4 f5 2. e4 fxe4 3. Nc3 Nf6 4. Bg5 g6 5. Bxf6 exf6 6. Nxe4 Bg7 7. Nf3 O-O 8.
Be2 d5 9. Nc3 Nc6 10. Qd2 a6 11. O-O f5 12. Rfe1 h6 13. Ne5 Nxe5 14. dxe5 Be6
15. f4 c6 16. Na4 Re8 17. Qb4 b5 18. Nc5 Bf8 19. Qd4 Rc8 20. Rad1 Bxc5 21. Qxc5
g5 22. g3 Kh8 23. Kh1 Rg8 24. Bf3 Rg6 25. Bh5 Rg7 26. Qd6 Qg8 27. Rg1 g4 28.
Rd3 Rd7 29. Qc5 d4 30. Rgd1 Rd5 31. Qa3 c5 32. Qxa6 Ra8 33. Qxb5 c4 34. Qxc4
Rdd8 35. Qb4 Rxa2 36. Rxd4 Rxd4 37. Qxd4 Qa8+ 38. Kg1 Ra1 39. b3 Rxd1+ 40. Qxd1
Qa7+ 41. Kf1 Qa6+ 42. Qd3 Qa8 43. Qe3 Qh1+ 44. Qg1 Qf3+ 45. Qf2 Qd1+ 46. Qe1
Qxc2 47. Qa1 Qxb3 48. Qa8+ Bg8 49. Qf8 Qd1+ 50. Kf2 Qd2+ 51. Kg1 Qe1+ 52. Kg2
Qe2+ 53. Kg1 Qe1+ 54. Kg2 Qe2+ 55. Kg1 Qe1+ 1/2-1/2

[Event "Championnat de France - Open C"]
[Site "PAU"]
[Date "2012.08.24"]
[Round "10.9"]
[White "Zounani, Yacine"]
[Black "Dietrich, Thomas"]
[Result "1-0"]
[WhiteElo "1612"]
[BlackElo "1729"]
[PlyCount "127"]

1. d4 g6 2. c4 Nf6 3. Nc3 Bg7 4. e4 d6 5. Nf3 O-O 6. Be2 e5 7. O-O Nc6 8. d5
Ne7 9. Ne1 Nd7 10. Nd3 f5 11. Bd2 Nf6 12. f3 f4 13. c5 g5 14. Rc1 Ng6 15. cxd6
cxd6 16. Nb5 Rf7 17. Qc2 Qb6+ 18. Nf2 Bd7 19. a4 Rc8 20. Qd3 a6 21. Na3 h5 22.
Nc4 Rxc4 23. Rxc4 g4 24. Kh1 Qd8 25. Rfc1 g3 26. hxg3 fxg3 27. Nh3 Nh7 28. Bf1
Nf4 29. Bxf4 exf4 30. Qc2 Ng5 31. Rc8 Bxc8 32. Qxc8 Bf6 33. Qxd8+ Bxd8 34. Rc8
Rf8 35. Nxf4 h4 36. Ng6 Re8 37. Nxh4 Kf7 38. Rxd8 Rxd8 39. Nf5 Kf6 40. Nxg3 Ke5
41. Nf5 Rc8 42. Kg1 Rc2 43. b3 Rb2 44. Bc4 Nh7 45. g3 Nf6 46. Bd3 Nh5 47. f4+
Kf6 48. Nxd6 Rxb3 49. e5+ Ke7 50. Nf5+ Kd8 51. Be2 Nxg3 52. Nxg3 Rxg3+ 53. Kf2
Ra3 54. d6 Rxa4 55. Ke3 Ra3+ 56. Bd3 Ra1 57. e6 Re1+ 58. Be2 Rh1 59. f5 b5 60.
Kd4 Rh2 61. Bf3 b4 62. e7+ Kd7 63. Bc6+ Kxc6 64. e8=Q+ 1-0

[Event "Championnat de France - Open C"]
[Site "PAU"]
[Date "2012.08.24"]
[Round "10.10"]
[White "Goulesque, Camille"]
[Black "Baroudel, Jacques"]
[Result "1/2-1/2"]
[WhiteElo "1703"]
[BlackElo "1779"]
[PlyCount "92"]

1. e4 e5 2. Nf3 Nc6 3. Bb5 a6 4. Ba4 Nf6 5. O-O d6 6. h3 Be7 7. Re1 b5 8. Bb3
Na5 9. d4 exd4 10. Nxd4 c5 11. Qf3 cxd4 12. e5 Bb7 13. Qg3 dxe5 14. Qxg7 Rf8
15. Rxe5 Qd6 16. Bf4 Nh5 17. Qh6 Qxh6 18. Bxh6 Nf6 19. Bxf8 Kxf8 20. Nd2 Nxb3
21. Nxb3 Bd6 22. Rf5 Kg7 23. Nxd4 Kg6 24. a4 Be4 25. Rxf6+ Kxf6 26. axb5 axb5
27. Rxa8 Bxa8 28. Nxb5 Ke6 29. Nxd6 Kxd6 30. Kh2 Be4 31. c3 Kc5 32. Kg3 Kc4 33.
f3 Bd3 34. Kg4 Kb3 35. Kg5 Bf1 36. g4 Bxh3 37. Kf6 Bg2 38. Kxf7 Bxf3 39. Kg7
Be4 40. g5 Kxb2 41. c4 Kc3 42. c5 Kc4 43. c6 Bxc6 44. Kxh7 Be4+ 45. Kh6 Kd5 46.
g6 Bxg6 1/2-1/2

[Event "Championnat de France - Open C"]
[Site "PAU"]
[Date "2012.08.25"]
[Round "11.1"]
[White "Rioland, Paul"]
[Black "Tardi, Oscar"]
[Result "1-0"]
[WhiteElo "1749"]
[BlackElo "1780"]
[PlyCount "139"]

1. e4 e5 2. Nf3 f5 3. Nxe5 Qf6 4. d4 d6 5. Nc4 fxe4 6. Nc3 Qg6 7. f3 exf3 8.
Qxf3 Nf6 9. Bd3 Qf7 10. O-O Be7 11. Ne3 c6 12. d5 c5 13. Nf5 a6 14. Bf4 Bxf5
15. Bxf5 g6 16. Be6 Qg7 17. Bxd6 Nbd7 18. Bxe7 Kxe7 19. Bxd7 Nxd7 20. d6+ Kxd6
21. Qxb7 Qd4+ 22. Kh1 Rhb8 23. Qf3 Rf8 24. Qg3+ Kc6 25. Rfd1 Qf4 26. Qd3 Nb6
27. Nd5 Qc4 28. Ne7+ Kb7 29. Qd6 Qb5 30. Nd5 Nxd5 31. Qxd5+ Qc6 32. Qd7+ Qxd7
33. Rxd7+ Kc6 34. Rxh7 Rf2 35. Rh6 Rg8 36. Rc1 Kb5 37. Kg1 Rd2 38. Rh4 Rgd8 39.
Rg4 R8d6 40. h4 a5 41. a4+ Kb6 42. b3 Re6 43. Rg5 Rd4 44. h5 gxh5 45. Rxh5 Rg6
46. Rf5 Rdg4 47. Rf2 Rg3 48. Rd1 R3g4 49. Rd3 c4 50. Rd5 cxb3 51. cxb3 Rg3 52.
Rb5+ Ka6 53. Kf1 R3g4 54. Rf8 Rg7 55. Ra8+ Ra7 56. Rxa7+ Kxa7 57. Rxa5+ Kb6 58.
Rb5+ Ka6 59. Kf2 Rd4 60. Re5 Rd2+ 61. Kf3 Rd4 62. g4 Rd1 63. g5 Rf1+ 64. Ke4
Rg1 65. Re6+ Kb7 66. g6 Kc8 67. Kf5 Kd8 68. Kf6 Rg3 69. Rb6 Rf3+ 70. Kg7 1-0

[Event "Championnat de France - Open C"]
[Site "PAU"]
[Date "2012.08.25"]
[Round "11.2"]
[White "Thomas, Apolline"]
[Black "Dautheville, Simon"]
[Result "1-0"]
[WhiteElo "1699"]
[BlackElo "1782"]
[PlyCount "49"]

1. e4 c5 2. Nf3 d6 3. c3 Nf6 4. h3 Nc6 5. Bd3 a6 6. Bc2 Qc7 7. Qe2 e6 8. O-O
Be7 9. d4 cxd4 10. cxd4 Bd7 11. Nc3 Rc8 12. Bd2 e5 13. dxe5 dxe5 14. Rac1 Be6
15. Be3 h6 16. Rfd1 Nb4 17. Ba4+ Nd7 18. Nd5 Nxd5 19. Rxc7 Nxc7 20. Nxe5 b5 21.
Nxd7 Bxd7 22. Bb3 Bc6 23. Qg4 O-O 24. Bxh6 Bf6 25. Rd6 1-0

[Event "Championnat de France - Open C"]
[Site "PAU"]
[Date "2012.08.25"]
[Round "11.4"]
[White "Verhulst, Jens"]
[Black "Apap, Hugo"]
[Result "1-0"]
[WhiteElo "1659"]
[BlackElo "1769"]
[PlyCount "85"]

1. c4 e5 2. Nc3 Nf6 3. g3 Bc5 4. e3 Nc6 5. Nge2 d6 6. Bg2 Bf5 7. a3 a5 8. O-O
Bd3 9. b3 O-O 10. Na4 Ba7 11. Nb2 Be4 12. f3 Bf5 13. d4 e4 14. f4 d5 15. c5 Qd7
16. Qc2 h6 17. Bd2 Bg4 18. Rf2 Qf5 19. b4 Qh5 20. Nc1 Bd7 21. Qd1 Ng4 22. h3
Nf6 23. Qxh5 Nxh5 24. g4 Nf6 25. b5 Ne7 26. a4 b6 27. Nb3 c6 28. Bf1 Rfb8 29.
Ra3 Ne8 30. Be1 Nc7 31. cxb6 Bxb6 32. bxc6 Nxc6 33. Rc2 Nb4 34. Bxb4 axb4 35.
Ra1 Rb7 36. a5 Ba7 37. a6 Nxa6 38. Bxa6 Rbb8 39. Rc7 Rd8 40. Bb7 Bb6 41. Rxa8
Bxc7 42. Rxd8+ Bxd8 43. Bxd5 1-0

[Event "Championnat de France - Open C"]
[Site "PAU"]
[Date "2012.08.25"]
[Round "11.6"]
[White "Le Bail, Stephane"]
[Black "Goulesque, Camille"]
[Result "1-0"]
[WhiteElo "1785"]
[BlackElo "1703"]
[PlyCount "105"]

1. d4 Nf6 2. Bf4 d5 3. Nf3 c5 4. e3 e6 5. Nbd2 Nc6 6. c3 cxd4 7. cxd4 Bd6 8.
Bxd6 Qxd6 9. Be2 O-O 10. O-O Re8 11. Bb5 Bd7 12. Bxc6 Bxc6 13. Ne5 Bb5 14. Re1
Nd7 15. Nxd7 Qxd7 16. Nf3 f6 17. Rc1 Rac8 18. Qd2 b6 19. b3 Rxc1 20. Rxc1 Rc8
21. h3 a5 22. a3 Kf7 23. Qb2 g5 24. Rc3 Rxc3 25. Qxc3 Qc6 26. Qxc6 Bxc6 27. Kf1
h5 28. g3 Bb5+ 29. Ke1 Bd3 30. h4 Be4 31. Nd2 Bc2 32. b4 gxh4 33. gxh4 e5 34.
bxa5 bxa5 35. Nf1 Ke6 36. Kd2 Bg6 37. Ng3 Kd6 38. Kc3 Kc6 39. Kb3 Kb6 40. Ne2
Be4 41. Nc3 Bf3 42. Na4+ Kb5 43. Nc5 exd4 44. exd4 a4+ 45. Kc3 Bg4 46. Nd3 Be2
47. Nf4 Bf3 48. Ne6 f5 49. Nf4 Ka5 50. Nd3 Bd1 51. Kd2 Bf3 52. Ke3 Be4 53. Nc5
1-0

[Event "Championnat de France - Open C"]
[Site "PAU"]
[Date "2012.08.25"]
[Round "11.7"]
[White "Billiar-Bourgy, Vincent"]
[Black "Delerme, Raymond"]
[Result "0-1"]
[WhiteElo "1680"]
[BlackElo "1740"]
[PlyCount "77"]

1. e4 d5 2. exd5 Qxd5 3. Nc3 Qa5 4. Bc4 Nf6 5. Nge2 Bg4 6. O-O e6 7. d4 c6 8.
f3 Bh5 9. Ng3 Bg6 10. Re1 Bb4 11. Bd2 O-O 12. a3 Be7 13. Nd5 Qd8 14. Nxe7+ Qxe7
15. Bb4 Qc7 16. Bxf8 Kxf8 17. Bb3 Nbd7 18. c4 Rd8 19. Kh1 h5 20. Qd2 h4 21. Ne2
Nh5 22. Rac1 Ndf6 23. Qg5 Qb6 24. Qc5+ Qxc5 25. dxc5 Rd2 26. Rcd1 Rxb2 27. Ba4
Ke7 28. Kg1 Nd7 29. Rd4 Nxc5 30. Nc3 a6 31. Rxh4 b5 32. cxb5 axb5 33. Bd1 Rd2
34. Re5 f5 35. Rxc5 Kd6 36. g4 Kxc5 37. gxh5 Bf7 38. Rb4 Bxh5 39. Rb1 0-1